LEADER 01405cam0 2200313 450 001 E600200021327 005 20210401070702.0 010 $a8882920070 100 $a20061010d1998 |||||ita|0103 ba 101 $aita 102 $aIT 200 1 $a<>diritto delle nazioni e le nazioni del diritto$fPeter Fitzpatrick$ga cura di Annamaria Rufino 210 $aNapoli$cLa cittą del sole$d1998 215 $a61 p.$d21 cm 225 2 $aTesti del dottorato in istituzioni giuridiche ed evoluzione economico-sociale 410 1$1001LAEC00022724$12001 $a*Testi del dottorato in istituzioni giuridiche ed evoluzione economico-sociale 700 1$aFitzpatrick$b, Peter$3A600200038209$4070$0464625 702 1$aRufino, Annamaria$3A600200034012$4070 801 0$aIT$bUNISOB$c20210401$gRICA 850 $aUNISOB 852 $aUNISOB$j340$m131484 852 $aUNISOB$jFondo|De|Sanctis|F$m158899 912 $aE600200021327 940 $aM 102 Monografia moderna SBN 941 $aM 957 $a340$b005473$gSi$d131484$rdono$1pomicino$2UNISOB$3UNISOB$420061010075405.0$520130212101636.0$6menle 957 $aFondo|De|Sanctis|F$b001379$gCON$d158899$hDeSanctisF$rdono$tN$1menle$2UNISOB$3UNISOB$420130212101541.0$520210401070702.0$6Spinosa$fPer le modalitą di consultazione vedi homepage della Biblioteca link Fondi 996 $aDiritto delle nazioni e le nazioni del diritto$91414392 997 $aUNISOB